| 000 | 00526nam a2200157 a 4500 | ||
|---|---|---|---|
| 001 | 000028304 | ||
| 005 | 20200930031526.0 | ||
| 008 | 110407s1979 dr c 000 0 spa d | ||
| 040 |
_aDO-SdBNP _bspa _cBNPHU |
||
| 082 |
_axxx _bC334c |
||
| 100 | 1 |
_aCasals Victoria, Pedro Manuel _97723 |
|
| 245 | 1 | 0 |
_aComentario en torno a la actual recesión y crisis de la economÃa dominicana / _cPedro Manuel Casals Victoria. |
| 260 |
_aSanto Domingo : _bImpresos de Calidad, _c1979. |
||
| 300 |
_a35 p. : _bretrs. ; _c21 cm. |
||
| 049 | _aBNPD | ||
| 999 |
_c27796 _d27796 |
||